000 00381nam a2200157Ia 4500
008 241014s9999||||xx |||||||||||||| ||und||
020 _a9780194313605
060 _aPE 1629 T1991
100 _aTaylor, Jane
245 0 _aOxford Photo Dictionay
250 _a1991
260 _aNew York
_bOxford University press
300 _a125
650 _aDictionory
942 _bIBHM
_cBK
999 _c17485
_d17485